TV In Other Words Quiz Stats

Quiz Updated Apr 27, 2017

Challenge
Share
Tweet
Embed
Score 0/28 Timer 07:00
0 Plays Today
Clue TV Show % Correct
HideousUgly Betty
82.2%
'Open ____'
(magical password)
Sesame Street
81.8%
Like 1, 3, 5, 7 etc.Odd Couple
81.1%
Taken into custody by policeArrested Development
80.7%
ObtainGet Smart
75.4%
Longtime Patriots QB TomBrady Bunch
73.9%
'Tea Party' siteBoston Legal
73.3%
Rapper KanyeWest Wing
72.5%
Envious colorGreen Acres
71.6%
Home of the HeatMiami Vice
70.9%
PenitentiaryPrison Break
67.3%
Getting biggerGrowing Pains
66.4%
Actress Brittany who died in 2009Murphy Brown
62.3%
Pepper, Dre or FeelgoodDoctor Who
62.1%
Clue TV Show % Correct
Where the heart isHome Improvement
59.5%
Second point gained in tennis30 Rock
56.2%
Preceder of
'New Moon'
Twilight Zone
53.9%
BlubberFat Albert
52.5%
AsteriskStar Trek
52%
Home of the CubsChicago Hope
48%
Threescore60 Minutes
47.3%
Between Order and Genus in biologyFamily Guy
43%
Radio Flyer productWagon Train
38%
Ellis of fashionPerry Mason
34.5%
YankeeAmerican Idol
32.2%
Jacob or EsauTwin Peaks
26.7%
Bra brandWonder Years
23.4%
What you feel during a horror movieFear Factor
13.3%

You're not logged in!

Compare scores with friends on all Sporcle quizzes.
Sign Up with Email
OR
Log In

You Might Also Like...

Show Comments

Extras

Top Quizzes Today


Score Distribution

Your Account Isn't Verified!

In order to create a playlist on Sporcle, you need to verify the email address you used during registration. Go to your Sporcle Settings to finish the process.